World of Greyhawk Human Cultures - Statistics

General Stats
  • This quiz has been taken 97 times
  • The average score is 11 of 15
Answer Stats
Question Answer % Correct
The Cup and Talisman of Al'Akbar Baklunish
100%
The Duchy of Tenh Flan
100%
Ivid the Undying, Overking of Aerdy Oeridian
86%
The Malachite Throne Oeridian
86%
The Knights of Holy Shielding Oeridian
86%
The Scarlet Brotherhood Suloise
86%
Greater Goddess of Fate, Istus Baklunish
71%
Empire destroyed by the Invoked Devastation Baklunish
71%
The Forgotten City Suloise
71%
Empire destroyed by the Rain of Colorless Fire Suloise
71%
The Stone Circles, Tovag Baragu Baklunish
57%
The Turmoil Between Crowns Oeridian
57%
The Sinking of the Isles of Woe Flan
43%
The Five "Blades of Corusk" Suloise
43%
Iuz, Demigod of Evil Flan
29%
No matching quizzes found
Score Distribution
Percent of People with Each Score
Percentile by Number Answered
Your Score History
You have not taken this quiz